La vocación religiosa
Guardat en:
| Autor principal: | |
|---|---|
| Format: | Llibre |
| Idioma: | espanyol |
| Publicat: |
Madrid
Dinor
1954
|
| Edició: | 2a. ed |
| Col·lecció: | Colección Prisma, 2
|
| Matèries: | |
| Etiquetes: |
Afegir etiqueta
Sense etiquetes, Sigues el primer a etiquetar aquest registre!
|
MARC
| LEADER | 00000nam a2200000 a 4500 | ||
|---|---|---|---|
| 001 | UCS9976 | ||
| 003 | CL-VaPUC | ||
| 008 | 971129e19540000SP |||||||||||||||||spa|d | ||
| 082 | 0 | 4 | |a 248.894 |b LEC |2 21 |
| 100 | |a Leclercq, Jacques |e author |9 581394 | ||
| 245 | 1 | 3 | |a La vocación religiosa |
| 250 | |a 2a. ed | ||
| 300 | |a 288 p | ||
| 942 | |c BK | ||
| 945 | |d 19971129 00:00:00 |a jquezada | ||
| 260 | |a Madrid |b Dinor |c 1954 | ||
| 650 | 0 | |a Vocación sacerdotal |9 392453 | |
| 650 | 0 | |a Vocación religiosa |9 392452 | |
| 650 | 7 | |a CELIBATO |2 CL-VaPUC |9 334066 | |
| 650 | 7 | |a DERECHO CANONICO |2 CL-VaPUC |9 395240 | |
| 650 | 0 | |a Pobreza |9 258652 | |
| 650 | 7 | |a OBEDIENCIA |2 CL-VaPUC |9 376616 | |
| 583 | |a last modification |c 19971129 00:00:00 |k Rodrigo Vera | ||
| 490 | 0 | |a Colección Prisma, 2 | |
| 999 | |c 263640 |d 263638 | ||
| 952 | |0 0 |1 0 |4 0 |6 248_894000000000000_LEC_1954 |7 0 |8 A |9 292997 |a BIBTEO |b BIBTEO |d 2019-11-19 |i 3368696 |o 248.894 LEC 1954 |p 3368696 |r 2025-01-17 |w 2019-11-19 |y BK |k ICR | ||